F1 Grand Slam Drivers - Statistics

General Stats
  • This quiz has been taken 38 times
  • The average score is 18 of 27
Answer Stats
Number Country Answer % Correct
6 United Kingdom Lewis Hamilton
100%
4 Brazil Ayrton Senna
97%
6 Netherlands Max Verstappen
97%
4 Germany Sebastian Vettel
97%
5 Germany Michael Schumacher
91%
1 Spain Fernando Alonso
88%
1 Monaco Charles Leclerc
85%
2 Argentina Juan Manuel Fangio
85%
2 Germany Nico Rosberg
82%
1 Austria Niki Lauda
82%
1 Australia Oscar Piastri
79%
2 Finland Mika Häkkinen
76%
5 Italy Alberto Ascari
71%
8 United Kingdom Jim Clark
71%
4 United Kingdom Nigel Mansell
71%
1 Canada Gilles Villeneuve
68%
3 Brazil Nelson Piquet
65%
4 United Kingdom Jackie Stewart
62%
1 United Kingdom Damon Hill
59%
2 Australia Jack Brabham
56%
1 Belgium Jacky Ickx
53%
1 Switzerland Clay Regazzoni
47%
1 Austria Gerhard Berger
47%
1 United Kingdom Stirling Moss
44%
1 United Kingdom Mike Hawthorn
41%
1 France Jacques Laffite
15%
1 Switzerland Jo Siffert
15%
No matching quizzes found
Score Distribution
Percent of People with Each Score
Percentile by Number Answered
Your Score History
You have not taken this quiz